Los pazos de ulloa [ed.castalia] /
Guardado en:
| Autor Principal: | |
|---|---|
| Formato: | Libro |
| Publicado: |
Madrid :
Castalia,
1993
|
| Series: | Clasicos Castalia, 151
|
| Materias: | |
| Etiquetas: |
Agregar Etiqueta
Sin Etiquetas, Sea el primero en etiquetar este registro!
|
| LEADER | 00566nam a22001815a 4500 | ||
|---|---|---|---|
| 001 | EHU.bham019708 | ||
| 003 | AR-BHAM | ||
| 005 | 20080513151850.0 | ||
| 008 | 130507s1993##################000#0#####d | ||
| 082 | 8 | 6 | |a 863.5 |
| 100 | 1 | |a Pardo Bazan, Emilia | |
| 245 | 1 | 0 | |a Los pazos de ulloa [ed.castalia] / |c Emilia Pardo Bazan |
| 260 | |a Madrid : |b Castalia, |c 1993 | ||
| 300 | |a 416 p. | ||
| 490 | 0 | |a Clasicos Castalia, 151 | |
| 500 | |a Ed., Introd. Y Notas De Maria Mayoral | ||
| 653 | |a Novela espaÑola-1801-1900 | ||
| 859 | |a AR-BHAM |b BIB. HUMANIDADES - General |h 863.5 |i P214-1 |p 400.95 |t Ej.1 | ||
